00579nam a22002057a 45000010005000000030008000050050017000130080041000300350018000710400035000890410008001240820030001322450042001622600047002043000019002515040026002706500032002967100032003288560013003602561BD-RjUL20211208233559.0131212b1968 sq ||||| ||||i10| 0 eng d a(BD-RjUL)2588 aBD-RjULbengcBD-RjULdBD-RjUL aeng04221a340.909494 bWAG 1968 aWages :bA workers education manual / aGeneva:bInternational labour officec1968 a255p.:c24 cm. aincludes bibliography aLabor laws and legislation. aInternational Labour office yWorldCat